| 000 | 00956nam a2200241 i 4500 | ||
|---|---|---|---|
| 001 | 181097 | ||
| 003 | ES-MaACL | ||
| 005 | 20250729081207.0 | ||
| 008 | 121016s2010 sp a | |||||||| | cat d | ||
| 020 | _a978-84-370-7857-1 | ||
| 080 | _a575 Darwin, Charles | ||
| 245 | 0 | 0 |
_aDarwin : _bel seu temps, la seua obra, la seua influència / _cJesús I. Català Gorgues, Víctor Navarro Brotons (dirs.). |
| 260 |
_a[València] : _bCàtedra de Divulgació de la Ciència de la Universitat de València ; _a[Barcelona] : _bInstitut d'Estudis Catalans, _cD.L. 2010. |
||
| 300 |
_a228 p. : _bil. ; _c25 cm. |
||
| 500 | _aExposición itinerante. | ||
| 504 | _aIncluye referencias bibliográficas. | ||
| 600 | 1 | 4 |
_aDarwin, Charles, _d1809-1882 _942770 |
| 700 | 1 |
_aCatalà, Jesús I. _9151641 |
|
| 700 | 0 |
_aNavarro, Víctor. _985088 |
|
| 852 |
_aES-MaACL _jA-12307 _9187980 _bR.148551 _cDEPO1 _dOlim: N-5312 |
||
| 942 |
_2udc _cMONOGRAFIA |
||
| 999 |
_c181097 _d181097 |
||